Statistics for Guess the Lyrics to Train's "Play That Song"

Click here to take the quiz!

General Stats

  • This quiz has been taken 5 times
  • The average score is 249 of 350

Answer Stats

#Answer% Correct
42a
100%
25 | 115 | 140 | +7 othersdo
100%
69 | 82 | 158 | +2 othersplay
100%
1 | 91 | 117 | +4 othersPlay
100%
3 | 71 | 84 | +9 otherssong
100%
2 | 6 | 15 | +23 othersthat
100%
20 | 23 | 30 | +22 othersyou
100%
10 | 22 | 46 | +14 othersall
80%
49 | 55 | 85 | +2 othersAnd
80%
9 | 99 | 134 | +4 othersgo
80%
24 | 114 | 139 | +8 othersgotta
80%
50I'm
80%
12 | 102 | 223 | 297long
80%
86 | 207make
80%
7 | 16 | 97 | +11 othersmakes
80%
8 | 17 | 64 | +11 othersme
80%
11 | 101 | 222 | 296night
80%
284on
80%
5 | 14 | 95 | +11 othersone
80%
21 | 111 | 136 | +7 othersThat's
80%
53 | 169the
80%
4 | 13 | 94 | +11 othersThe
80%
268 | 278baby
60%
51buying
60%
88 | 209day
60%
28 | 60DJ
60%
62 | 185don't
60%
65 | 188down
60%
76earn
60%
48friends
60%
31 | 68 | 75 | +4 othersgonna
60%
47 | 293 | 302 | +2 othersher
60%
26 | 116 | 141 | +2 othersHey
60%
180in
60%
45invited
60%
33 | 148 | 159 | 163it
60%
27 | 142 | 183Mister
60%
87 | 208 | 267 | 277my
60%
34 | 149My
60%
19 | 109 | 230 | 304of
60%
135 | 256 | 330ooh
60%
78pay
60%
54rounds
60%
161she
60%
38 | 44 | 89 | 210She
60%
18 | 108 | 229 | 303think
60%
263 | 273wait
60%
66 | 73 | 79 | +3 othersWhen
60%
29when
60%
196Why
60%
39been
40%
164Can
40%
283come
40%
58dolled
40%
36favorite
40%
41for
40%
150girl
40%
199hesitate
40%
151just
40%
63 | 186let
40%
162loves
40%
269 | 270 | 271 | +3 othersmove
40%
72 | 175 | 195 | 285now
40%
262 | 272 | 282Oh
40%
61 | 184please
40%
37record
40%
90 | 211said
40%
266 | 276see
40%
157should
40%
178some
40%
147strum
40%
56they're
40%
127 | 248 | 264 | +2 others'til
40%
59up
40%
40waiting
40%
181your
40%
35baby's
20%
160cause
20%
182cup
20%
128 | 249 | 323dawn
20%
173fingers
20%
166get
20%
171Get
20%
143Guitar
20%
152heard
20%
170hook
20%
176I'll
20%
43minute
20%
179money
20%
168off
20%
126 | 247 | 321out
20%
174picking
20%
32spin
20%
125 | 246 | 320stay
20%
172them
20%
153this
20%
177throw
20%

Score Distribution

Percentile by Number Answered

Percent of People with Each Score

Your Score History

You have not taken this quiz